Gaming Quiz

Random Gaming or Grab Bag Quiz

Board Game Grab Bag Quiz Stats

 Plays Quiz Updated Apr 15, 2015

Also try: Speed Gaming
Challenge
Share
Tweet
Embed
Score 0/45 Timer 05:00
8 Plays Today
% Correct
Queen
94.1%
King
94.2%
Pawn
92%
Rook
91.8%
Knight
90.7%
Bishop
87.1%
Colonel Mustard
83.6%
Professor Plum
80%
Miss Scarlet
78.6%
History
77.8%
Mrs. White
76.3%
Reverend Green
75.6%
Sports & Leisure
71.9%
Science & Nature
68.9%
Arts & Literature
66.4%
B. & O. Railroad
66.2%
Full House
63.4%
Reading Railroad
63.1%
Entertainment
62.5%
Yahtzee
61.9%
Three of a Kind
60.6%
Four of a Kind
60.4%
Geography
58.7%
% Correct
Mrs. Peacock
57.8%
Pennsylvania Railroad
51.6%
Small Straight
45.6%
Large Straight
44.8%
Infantry
40.1%
Cavalry
39.5%
Short Line
38%
Chance
36.2%
Artillery
32.7%
Bomb
30.6%
Flag
27.5%
Millionaire Estates
16.3%
King Kandy
10.1%
Queen Frostine
8.3%
Gramma Nutt
7.7%
Princess Lolly
7.2%
Lord Licorice
7.2%
Countryside Acres
6.5%
Mr. Mint
6.5%
Plumpy
6.3%
Jolly
4.8%
Gloppy the Molasses Monster
4.6%

You're not logged in!

Compare scores with friends on all Sporcle quizzes.
OR
Log In

You Might Also Like...

Show Comments

Extras

Top Quizzes Today


Score Distribution

Your Account Isn't Verified!

In order to create a playlist on Sporcle, you need to verify the email address you used during registration. Go to your Sporcle Settings to finish the process.

Report this User

Report this user for behavior that violates our Community Guidelines.

Details: